000 00780nam a2200181 i 4500
001 37523
003 ES-MaACL
005 20250720063041.0
007 t|
008 030314s1846 sp ||||1| spa d
100 1 _aColmeiro, Miguel,
_d1816-1901
_939771
245 1 0 _aCatálogo metódico de plantas observadas en Cataluña.
_b: particularmente en las inmediaciones de Barcelona... con sus nombres botánicos más usuales... seguido de la nomenclatura catalana de las plantas... /
_cpor Miguel Colmeiro.
260 _aMadrid :
_bCarlos Bailly-Bailliere,
_c1846.
300 _aLX, 131, 176, 131 p. ;
_c20 cm.
650 4 _aPlantas-
_xNombres vulgares-
_zCataluña.
_9141825
852 _aES-MaACL
_jC-12063(1)
_q. - Encuadernado con otras obras
999 _c37523
_d37523